zpět

Detail výsledku týmu

Lidové sady, Liberec

Datum a čas kvízu

30 Celkem bodů Celkový počet nahraných bodů na tomto kvízu bez doplňovacích otázek.
9. Pořadí na kvízu Konečné umístění týmu na tomto kvízu.

Zaznamenané odpovědi

# Otázka Odpověď Body Výsledky
1. Předsedou KDU-ČSL se na pátečn... Marek Výborný 1
2. Dvacetiletá Árifa Sultánaová z... má dvě dělohy (uznáváme i zdvojenou dělohu) 1
3. Po deseti letech výstavby otev... o Kataru 1
4. Tři moravské pivovary přestan... Litovel, Zubr, Holba 1
5. 37letý záložník, hráč klubu AC... Marek Matějovský 0
6. Vaším úkolem bude uhodnout kře... Jan / Stanislav Tříska 1
7. Nejstarší muž z naší trojice b... Otokar / Karel / Michal Březina 1
8. Nejstarším z další trojice je... Emanuel / David Moravec; Nikol Moravcová 1
9. Slovenský jazzový a bluesový z... Peter / Dua Lipa 0
10. Tento francouzský filozof, spi... Jean-Jacques / Henri Rousseau 1